000 00541nam a22001937a 4500
003 KOHA_MİRAKIL
005 20251104145146.0
008 251104b tu ||||| |||| 00| 0 tur d
020 _a9786052652077
040 _aTR-AnABB
_btur
_cTR-AnABB
041 _atur
082 _a828.3354
_bMCG 2023
100 1 _aMcguire, Seanan,
245 1 0 _aHer kalp bir eşik /
_cSeanan Mcguire
260 _aİstanbul :
_bİthaki Yayınları,
_c2023
300 _a160 sayfa ;
_c20 cm
650 0 4 _aAmerikan edebiyatı, roman
942 _2ddc
_cBK
999 _c9262
_d9262
900 _bGizem YORULMAZ